000 00777nam a2200229Ii 4500
003 JO-AjNU
008 230605s9999||||xx |||||||||||||| ||und||
017 _a2008/11/3974
020 _a9957-16-442-8
040 _aJO-AjNU
_bara
_erda
_cJO-AjNU
041 _aara
050 1 4 _aHE964.S5824.2009
100 3 _aشكري،بهاء بهيج,
_eauthor
_912552
245 0 0 _aالتأمين البحري في التشريع والتطبيق
250 _aط1
264 3 1 _aعمان:دار الثقافة للنشر والتوزيع،2009
300 _a800ص
_bيحتوي على ببلوغرافية من ص797-800ص
336 _atext
_btxt
_2rdacontent
337 _aunmediated
_bn
_2rdamedia
338 _avolume
_bnc
_2rdacarrier
650 4 _aالتأمين البحري
_912553
999 _aA2893
_c6461
_d6461